LEADER 01475nam 2200469I 450 001 9910706301003321 005 20190809142032.0 035 $a(CKB)5470000002455422 035 $a(OCoLC)1111809645 035 $a(EXLCZ)995470000002455422 100 $a20190809d2012 ua 0 101 0 $aeng 135 $aurmn||||||||| 181 $ctxt$2rdacontent 182 $cc$2rdamedia 183 $acr$2rdacarrier 200 10$aDevelopment of biologically modified anodes for energy harvesting using microbial fuel cells /$fJames J. Sumner, Rahul Ganguli, and Brad Chmelka 210 1$aAdelphi, MD :$cArmy Research Laboratory,$d2012. 215 $a1 online resource (ii, 8 pages) $cillustrations (some color) 300 $a"September 2012." 300 $a"ARL-RP-0395." 300 $aOffprint from: Proceedings of the SPIE, vol. 8377. 606 $aMicrobial fuel cells 606 $aBiofilms 606 $aAnodes 606 $aAlginates 606 $aCatalysts 615 0$aMicrobial fuel cells. 615 0$aBiofilms. 615 0$aAnodes. 615 0$aAlginates. 615 0$aCatalysts. 700 $aSumner$b James J.$093616 702 $aGanguli$b Rahul 702 $aChmelka$b Bradley F.$f1960- 801 0$bGPO 801 1$bGPO 801 2$bGPO 906 $aBOOK 912 $a9910706301003321 996 $aDevelopment of biologically modified anodes for energy harvesting using microbial fuel cells$93437042 997 $aUNINA